Whodunnit? - Statistics

General Stats
  • This quiz has been taken 15 times
    11 since last reset
  • The average score is 4 of 10
Answer Stats
Question Answer % Correct
A private group chat message was leaked online. Only four people had access: - Jordan says he didn’t even read the message. - Casey says she screenshotted it to show a friend but didn’t post it. - Morgan says she deleted it immediately. - The leak happened at 3 PM. Casey’s phone shows a screenshot timestamped 2:58 PM. Who’s most likely responsible? Casey
67%
At a party, someone’s expensive jacket disappeared from the coat rack. Witness statements: - Taylor says she saw Chris near the rack at 9 PM. - Chris says he was helping in the kitchen from 8:45 to 9:15. - The host confirms Chris entered the kitchen at 9:10. - A neighbor saw someone leave with a bulky item at 9:05. Who’s most suspicious? Chris
67%
A contract was signed without approval. - Ava says she left it unsigned on the desk. - Ben says he saw Charlie near the desk. - Charlie says he never touched it. - The signature matches Charlie’s handwriting. Who’s most suspicious? Charlie
50%
The school’s championship trophy vanished the night before the big ceremony. Here’s what we know: - Alex says he saw Jamie near the trophy case at 8 PM. - Jamie says she was at the library until 9 PM. - The librarian confirms Jamie left at 8:15 PM. - The security camera was disabled at 8:30 PM. Who did it? Jamie
50%
Four coworkers claim they were in a meeting when a prank email was sent from the office computer. - Mia says the meeting started at 2 PM. - Jordan says it ended at 2:30 PM. - The email was sent at 2:15 PM. - Security logs show Mia left the room at 2:10 PM. Who might’ve sent the email? Mia
50%
At an art gallery, a famous painting was swapped with a replica. Clues: - The swap happened between 6 PM and 7 PM. - The security guard took a break from 6:30 to 6:45. - Visitor logs show Dana entered at 6:25 and left at 6:50. - Dana is an art student who specializes in replicas. Who’s most suspicious? Dana
33%
A critical presentation file vanished from the shared drive. - Priya says she last saw it at 10 AM. - Leo says he edited it at 10:15 AM. - The system log shows a deletion at 10:17 AM from Leo’s account. - Leo says he stepped away at 10:16 AM. Who’s most suspicious? Leo
33%
At a baking contest, one judge fell ill after tasting a pie. Clues: - The pie had almonds, but the judge is allergic. - Contestant Sam says he used walnuts. - Contestant Riley says she used almonds but labeled them. - The label was missing when the pie was served. Who’s most likely responsible? Riley
33%
At a café, someone spilled a smoothie all over a customer’s laptop. - Jamie says she saw Alex bump the table. - Alex says he was in line the whole time. - The cashier confirms Alex paid at 3:05 PM. - The spill happened at 3:03 PM. Who’s most suspicious? Alex
17%
At the airport, two identical suitcases were swapped. - Mia says she grabbed hers from carousel 3. - Theo says he saw Mia take his bag. - Security footage shows Mia at carousel 2. - Theo’s bag was last seen on carousel 2. Who’s most suspicious? Mia
17%
No matching quizzes found
Score Distribution
Percent of People with Each Score
Percentile by Number Answered
Your Score History
You have not taken this quiz since the last reset